000 00390 a2200121 4500
090 _c6074
_d6074
100 _aIbrahim Amini, Aiyt ullah
245 _aAftab-e-Adalat (Imam-e-Zamana kay ehwal-o-Waqiat per mushtamil aik ilmi kawish)
_cAiyt ullah Ibrahim Amini
_h(urdu)
260 _aLahore:
_bAdara Minhaj Alsualeheen,
300 _a370 p. ;
_c24 cm.
650 _aIslam
942 _cBK
_k297.648 IBR
999 _c9909
_d9909